Statistics for Football clubs: guess the city/town (2)

Click here to take the quiz!

General Stats

  • This quiz has been taken 22 times
  • The average score is 16 of 20

Answer Stats

Football teamCity% Correct
Hertha BSCBerlin
100%
AnderlechtBrussels
95%
Shamrock RoversDublin
95%
HibernianEdinburgh
95%
Crystal PalaceLondon
95%
FlamengoRio de Janeiro
95%
LazioRome
95%
Universidad de ChileSantiago
95%
USM AlgerAlgiers
89%
SampdoriaGenoa
89%
BoavistaPorto
84%
Real BetisSeville
84%
D.C. UnitedWashington
84%
SchalkeGelsenkirchen
79%
RosenborgTrondheim
74%
Étoile du CongoBrazzaville
68%
TwenteEnschede
58%
AmaZuluDurban
42%
Black RhinosHarare
26%
Sindh Government PressKarachi
26%

Score Distribution

Percentile by Number Answered

Percent of People with Each Score

Your Score History

You have not taken this quiz